Don't Pick Wrong #3 (Hard) - Statistics

General Stats
  • This quiz has been taken 23 times
  • The average score is 2 of 25
Answers on the Grid
Answers color-coded by a green-red scale on the quiz's grid according to % correct below.
Click Here
Click Here
Click Here
Click Here
Click Here
Click Here
Click Here
Click Here
Click Here
Click Here
Click Here
Click Here
Click Here
Click Here
Click Here
Click Here
Click Here
Click Here
Click Here
Click Here
Click Here
Click Here
Click Here
Click Here
Click Here
Click Here
Click Here
Click Here
Click Here
Click Here
Click Here
Click Here
Click Here
Click Here
Click Here
Click Here
Click Here
Click Here
Click Here
Click Here
 
Answer Stats
Answer % Correct
Click Here
29%
Click Here
29%
Click Here
14%
Click Here
14%
Click Here
14%
Click Here
14%
Click Here
14%
Click Here
14%
Click Here
14%
Click Here
14%
Click Here
14%
Click Here
14%
Click Here
14%
Click Here
14%
Click Here
0%
Click Here
0%
Click Here
0%
Click Here
0%
Click Here
0%
Click Here
0%
Click Here
0%
Click Here
0%
Click Here
0%
Click Here
0%
Click Here
0%
No matching quizzes found
Score Distribution
Percent of People with Each Score
Percentile by Number Answered
Your Score History
You have not taken this quiz